امیر خسرو کا ہندوی کلام مح نسخہ برلن ذخیرہ اشپر نگر / (Record no. 106954)

MARC details
000 -LEADER
fixed length control field 00916nam a22002537a 4500
005 - DATE AND TIME OF LATEST TRANSACTION
control field 20170123162319.0
010 ## - LIBRARY OF CONGRESS CONTROL NUMBER
LC control number A-304666
020 ## - INTERNATIONAL STANDARD BOOK NUMBER
Terms of availability 60.00
035 ## - SYSTEM CONTROL NUMBER
System control number A-304666
037 ## - SOURCE OF ACQUISITION
Source of stock number/acquisition Cen Lib/Ret
040 ## - CATALOGING SOURCE
Original cataloging agency DPL
Language of cataloging UR
082 ## - DEWEY DECIMAL CLASSIFICATION NUMBER
Classification number 841.04
Item number ا م ی
100 ## - MAIN ENTRY--PERSONAL NAME
Personal name گولی چند نارنگ
9 (RLIN) 421
245 ## - TITLE STATEMENT
Title امیر خسرو کا ہندوی کلام مح نسخہ برلن ذخیرہ اشپر نگر /
Statement of responsibility, etc گولی چند نارنگ
246 ## - VARYING FORM OF TITLE
Title proper/short title Ameer Khusro ka hindavi kalam naskha barlan zakheerah ashpar nagar /
Remainder of title by Gopichand Narag
260 ## - PUBLICATION, DISTRIBUTION, ETC. (IMPRINT)
Place of publication, distribution, etc شکاگو
Name of publisher, distributor, etc امیر خسرو سوسائٹی وف امریکا
Date of publication, distribution, etc 1987
270 ## - ADDRESS
City شکاگو
300 ## - PHYSICAL DESCRIPTION
Extent 191p.
Dimensions 21cm(Hb)
650 ## - SUBJECT ADDED ENTRY--TOPICAL TERM
Topical term or geographic name as entry element اردو ادب
9 (RLIN) 139241
650 ## - SUBJECT ADDED ENTRY--TOPICAL TERM
Topical term or geographic name as entry element اردو غزل
9 (RLIN) 139242
650 ## - SUBJECT ADDED ENTRY--TOPICAL TERM
Topical term or geographic name as entry element Urdu literature
9 (RLIN) 139243
650 ## - SUBJECT ADDED ENTRY--TOPICAL TERM
Topical term or geographic name as entry element Urdu poetry
9 (RLIN) 139244
942 ## - ADDED ENTRY ELEMENTS (KOHA)
Source of classification or shelving scheme Dewey Decimal Classification
Koha item type Urdu Bks
Classification part 841.04
Call number suffix ا م ی
Holdings
Withdrawn status Lost status Damaged status Not for loan Home library Current library Date acquired Source of acquisition Cost, normal purchase price Total Checkouts Full call number Barcode Date last seen Copy number Cost, replacement price Price effective from Koha item type Public note
        Central Library Central Library 31/12/2015 Cen Lib/Ret 60.00   841.04 ا م ی A-304666 31/12/2015 1 60.00 31/12/2015 Urdu Bks Legal Case (Register No. 29)

© Delhi Public Library
Hit Counter
free hit counter